Malé nôžky nedupocú

Bibliographic Details
Main Author: Hubert, Ivan, 1954- (Author)
Format: Book
Language:Slovak
PhysicalDescription:222 strán 20 cm
Published: [Banská Bystrica] Ivan Polóny 2023
ISBN:9788057051848
Subjects:

MARC

LEADER 00000nam a2200000 4500
001 vtls012246879
003 SK-MaSNL
005 20260302045729.0
008 240103s2023 xo gr 000 jdslo
015 |a SNBA2024/02 
020 |a 9788057051848  |q (brožované) 
040 |a SNK  |b slo  |c SNK  |e rda 
041 0 |a slo 
044 |a xo  |c SK 
072 7 |a 821.162.4-3  |x Slovenská próza  |2 konspekt 
080 |a 821.162.4-32  |2 2011 
100 1 |a Hubert, Ivan,  |d 1954-  |4 aut  |9 250050 
245 1 0 |a Malé nôžky nedupocú  |c Ivan Hubert 
264 1 |a [Banská Bystrica]  |b Ivan Polóny  |c 2023 
300 |a 222 strán  |c 20 cm 
336 |a text  |b txt  |2 rdacontent 
337 |a bez média  |b n  |2 rdamedia 
338 |a zväzok  |b nc  |2 rdacarrier 
500 |a Biografické údaje na zadnej strane obálky publikácie. Na titulnej strane uvedený rok vydania 2017. Vydavateľ podľa NA ISBN 
655 7 |a slovenské príbehy  |2 SNKPH  |9 70494 
655 7 |a Slovak stories  |2 SNKPHeng  |9 277112 
852 |a Slovenská národná knižnica 
919 |a 978-80-570-5184-8 
954 |a beletria pôvodná (slovenská)  |2 lita 
958 |a LX 
999 |c 1094532  |d 1096462 
952 |a SNK  |b SNK  |y PREZ  |7 0  |p 17A1540822  |o snkSD 92113  |i snk2024/102  |8 0  |0 0  |1 0  |4 0  |d 2024-01-03  |f 1  |l 0  |r 2026-02-24 17:09:46  |w 2026-02-24